Harry Potter Trivia #J - Statistics

General Stats
  • This quiz has been taken 43 times
  • The average score is 4 of 7
Answer Stats
Hint Answer % Correct
Harrys dad James Potter
100%
Author of the Harry Potter books Joanne K. Rowling
95%
Quidditch Gryffindor chaser (surname) Angelina Johnson
56%
Harrys birthday July 31st
56%
Best friend of the Weasley twins (surname) Lee Jordan
51%
Ministry witch that goes missing (surname) Bertha Jorkins
26%
Order member that guards the Dursleys (surname) Hestia Jones
23%
No matching quizzes found
Score Distribution
Percent of People with Each Score
Percentile by Number Answered
Your Score History
You have not taken this quiz